000 00319nam a2200133 a 4500
005 20210219152801.0
008 991125n 000 0 eng u
022 _a0308-0587
035 _aUPN01000061088
245 0 0 _aMODERN ENGLISH TEACHER
260 _bMacmillan Elt
310 _a4 veces al año
905 _aRevista
999 _c60749
_d60749